000 00884nam a2200241 i 4500
001 19056
003 ES-MaACL
005 20250822062525.0
007 t|
008 020530s2001 sp ||||1| spa d
080 _a76 Goya, Francisco de(064.3)
100 1 _aGoya, Francisco de,
_d1746-1828
_9240353
245 1 0 _aFrancisco de Goya, la conciencia retratada
_b: [exposición].
260 _aMadrid :
_bCalcografía Nacional, Real Academia de Bellas Artes de San Fernando,
_c2001.
300 _a1 carpeta ([8] p., [15] estampas) ;
_c18x18 cm.
600 1 4 _aGoya, Francisco de,
_d1746-1828
_9240353
655 7 _2tgfbne
_9193628
_aCatálogos de exposiciones
710 2 _aCalcografía Nacional (España)
_92350
710 2 _aReal Academia de Bellas Artes de San Fernando.
_96291
852 _aES-MaACL
_j2166-F-5
_bR.130554
942 _2udc
999 _c19056
_d19056